000 00557cam a2200217 4500
001 B2952
008 090401t1990 xxu||||| |||| 00| 0 eng d
035 _a(Sirsi) u53133
041 _aeng
050 _a694.01
100 _aSmith, G.A.
245 _aPreservation of hem-fir timber
260 _aGarston,Watford
_bBuilding Research Establishment
_c1990
300 _a(4)p. : ill. ; 30cm.
350 _a1.75
490 _aBRE Information Paper
_v5/90
650 _aWOOD PRESERVATIVES
700 _aOrsler, R.J.
942 _n0
948 _c04/03/1997
999 _c93226
_d93226